000 00569nam a2200205Ia 4500
005 20250507130243.0
008 008 250505s9999 xx 000 0 eng d
037 _aSeries Article
040 _aEASL
_beng
_cEASL
041 _aeng
_2eng
084 _qEASL
100 _aShi Fayong
_9669115
245 0 _aDiaggregating the stste: Networks and collective action in Shanghai
260 _aUK
_bUK Cambridge Univesity Press UK
_c2006
300 _a314-332
650 _aChina
700 _aCai Yongshun
942 _cSRA
999 _c1318592
_d1318592